LIBRARY & INFORMATION CENTRE, KCAET, TAVANUR

ONLINE PUBLIC ACCESS CATALOGUE (OPAC)

Energy and energy resource management / (Record no. 10104)

MARC details
000 -LEADER
fixed length control field 00491cam a2200181ua 4500
003 - CONTROL NUMBER IDENTIFIER
control field OSt
008 - FIXED-LENGTH DATA ELEMENTS--GENERAL INFORMATION
fixed length control field 241101b |||||||| |||| 00| 0 eng d
020 ## - INTERNATIONAL STANDARD BOOK NUMBER
ISBN 8176291986
082 ## - DEWEY DECIMAL CLASSIFICATION NUMBER
Classification number 621.47
Item number MAH/EN
100 ## - MAIN ENTRY--AUTHOR NAME
Personal name Mahajan, V S .
245 ## - TITLE STATEMENT
Title Energy and energy resource management /
260 ## - PUBLICATION, DISTRIBUTION, ETC. (IMPRINT)
Place of publication Newdelhi :
Name of publisher Deep and deep publications ,
Year of publication 1999.
300 ## - PHYSICAL DESCRIPTION
Number of Pages 244.
500 ## - GENERAL NOTE
General note ** Reference
700 1# - ADDED ENTRY--PERSONAL NAME
Personal name Agnihothri, .
700 1# - ADDED ENTRY--PERSONAL NAME
Personal name Athparia, R P .
942 ## - ADDED ENTRY ELEMENTS (KOHA)
Koha item type Books
Holdings
Withdrawn status Lost status Damaged status Collection code Home library Current library Shelving location Date acquired Full call number Accession Number Koha item type
      Non-fiction KAUAET KAUAET Shelf- 7A 07/04/2012 621.47 MAH/EN 20510 Books
      Non-fiction KAUAET KAUAET Shelf- 7A 31/03/2012 621.47 MAH/EN 22303 Books
      Non-fiction KAUAET KAUAET Shelf- 7A 31/03/2012 621.47 MAH/EN 22304 Books
      Non-fiction KAUAET KAUAET Shelf- 7A 31/03/2012 621.47 MAH/EN 22305 Books
      Non-fiction KAUAET KAUAET Shelf- 7A 31/03/2012 621.47 MAH/EN 22306 Books
      Non-fiction KAUAET KAUAET Shelf- 7A 31/03/2012 621.47 MAH/EN 22307 Books
free website counter